000 00603nam a2200193Ia 4500
008 191130s2007##################000#0#eng##
020 _a9780195128789
040 _aACL
_cACL
082 _a709.7303 MOR
100 _aMorgan, Ann Lee
245 _aThe Oxford dictionary of American art and artists
_cAnn Lee Morgan
260 _aOxford
_bOxford University Press
_c2007
300 _axiv, 537 p. 24 cm
650 _aArt, American - Dictionaries
650 _aArtists - United States - Biography - Dictionaries
990 _a53f2b311ac10000c2652363cc49bf52a
991 _a299021
999 _c417235
_d417235